Countries with Wild Polar Bears - Statistics

General Stats
  • This quiz has been taken 288 times
  • The average score is 5 of 5
Answer Stats
Country % Correct
Canada
100%
Russia
98%
United States
97%
Denmark (Greenland)
94%
Norway (Svalbard)
92%
No matching quizzes found
Score Distribution
Percent of People with Each Score
Percentile by Number Answered
Your Score History
You have not taken this quiz